Qui veut la main de Cersei Lannister ? - Statistiques

Statistiques générales
  • Ce quiz a été pris 85 fois
    54 depuis la dernière actualisation
  • Le résultat moyen est 5 sur 6
Statistiques - réponses
Statut Nom (le prénom suffit) % Correct
Amant de toujours Jaime Lannister
98%
Premier mari, père officiel de ses enfants Robert Baratheon
98%
Fiancé intermédiaire, imposé par son père Tywinn Loras Tyrell
85%
Deuxième mari et principal allié politique contre Daenerys Euron Greyjoy
81%
Amant (pas très consentant) pendant son premier mariage Lancel Lannister
77%
Premier fiancé, pendant son enfance Rhaegar Targaryen
34%
Aucun quiz correspondant
Distribution des résultats
% des personnes avec chaque résultat
Percentile par nombre de réponses
Votre historique - résultats
Vous n’avez pas pris ce quiz depuis la dernière actualisation